00767nam a2200205Ia 4500008004100000020001500041040001800056041000800074060001400082245014500096260008200241300005400323504003900377650002000416650002600436650003000462700002300492700002600515700002000541130821s2001 xxua gr eng  a0781715369 aCo-BoUCMbspa00aeng aWE 3442500aImaging of arthritis and related conditions with clinical perspectivesceditado por George B. Greenfield, John A. Arrington, Frank B. Vasey aFiladelfia (Pensilvania, Estados Unidos)bLippincott Williams & Wilkinsc2001 axi, 325 páginasbilustraciones, cuadros, tablas aIncluye bibliográfia e índice.04aArtritisvAtlas04aArtritisvDiagnostico04aDiagnóstico diferencial1 aArrington, John A.1 aGreenfield, George B.1 aVasey, Frank B.